| 000 | 00961cam a22002652 4500 | ||
|---|---|---|---|
| 001 | 0000019200 | ||
| 005 | 20151217145911.0 | ||
| 008 | 101019s xx 000 0 eng d | ||
| 020 | _a0414041790 : | ||
| 040 |
_aKABU _cKABU |
||
| 100 | 1 |
_aWragg, Tony. _@0000160161 |
|
| 245 | 1 | 0 |
_aFamily law / _cTony Wragg. |
| 250 | _a8th ed. | ||
| 260 |
_aLondon : _bThomson Reuters, _c2010. |
||
| 300 | _axxiii, 124 p. | ||
| 650 | 0 |
_aDomestic relations _zGreat Britain. _@0000160162 |
|
| 852 | 1 | _9p2190 KES | |
| 852 | 1 | _9p1,467 KES | |
| 852 | 1 | _9p1,467 KES | |
| 852 | 1 | _9p1489.80 KES | |
| 852 | 1 | _9p1170 KES | |
| 852 | 1 | _9p1,467 KES | |
| 908 | _a101019 | ||
| 950 | _@1 | ||
| 999 |
_c3892 _d3892 |
||